| 000 | 00537nam a2200217Ia 4500 | ||
|---|---|---|---|
| 005 | 20250425161328.0 | ||
| 008 | 250425s9999 xx 000 0 und d | ||
| 020 | _a0339110227 | ||
| 041 | _aeng | ||
| 082 | _a541.308 | ||
| 100 | _aBAWN, CECIL EDWIN HENRY | ||
| 245 | 0 | _aMACROMOLECULAR SCIENCE | |
| 250 | _a1TH ED. | ||
| 260 | _aLONDON | ||
| 260 |
_aReino Unido _bBUTTERWORTHS _c1972 |
||
| 300 | _a369 | ||
| 500 | _aPHYSICAL CHEMISTRY , SERIES ONE, V.8 | ||
| 650 | _aCIENCIA MACROMOLECULAR | ||
| 942 | _c01 | ||
| 010 | _a17844 | ||
| 999 |
_c207016 _d207016 |
||